| 000 | 01780nam a2200445Ii 4500 | ||
|---|---|---|---|
| 001 | DIGVEDIV0311 | ||
| 003 | NyNyDIG | ||
| 007 | cr ||||||||||| | ||
| 008 | 220323s2012 sp ob 000 0 spa d | ||
| 006 | m o d | ||
| 035 | _a(OCoLC)896860143 | ||
| 040 |
_aDGITA _beng _erda _epn _cDGITA |
||
| 020 |
_a9788499456355 _qeBook _qpdf |
||
| 020 | _z9788499451817 | ||
| 041 | 1 |
_aspa _hpor |
|
| 050 | 1 | 4 | _aBS2545.D5 ebook |
| 100 | 1 |
_aRichter Reimer, Ivoni, _d1959- _eauthor. |
|
| 240 | 1 | 0 |
_aMilagre das mãos. _lSpanish. |
| 245 | 1 | 3 |
_aEl milagro de las manos : _bsanaciones y exorcismos de Jesús en su contexto histórico-cultural / _cIvoni Richter Reimer. |
| 264 | 1 |
_aEstella (Navarra), España : _bEVD, Editorial Verbo Divino, _c2012. |
|
| 300 | _a1 online resource. | ||
| 336 |
_atext _btxt _2rdacontent |
||
| 337 |
_acomputer _bc _2rdamedia |
||
| 338 |
_aonline resource _bcr _2rdacarrier |
||
| 347 |
_atext file _2rdaft |
||
| 347 | _bPDF | ||
| 504 | _aIncludes bibliographical references. | ||
| 588 | 0 | _aOnline resource; title from PDF title page (Digitalia, viewed March 23, 2022) | |
| 600 | 0 | 0 |
_aJesus Christ _xMiracles. |
| 650 | 0 |
_aHealing _xReligious aspects. |
|
| 650 | 0 | _aExorcism in the Bible. | |
| 655 | 0 | _aElectronic books. | |
| 791 | 2 |
_aDigitalia (Firm), _edistributor. |
|
| 793 | 0 |
_gDigitalia eBook Collection: _aEditorial Verbo Divino |
|
| 776 | 0 | 8 |
_iPrint version: _aRichter Reimer, Ivoni, 1959-. _sMilagre das mãos. Spanish. _tMilagro de las manos. _dEstella (Navarra), España : EVD, Editorial Verbo Divino, 2012 _z9788499451817 |
| 830 | 0 |
_aMundo de la Biblia (Editorial Verbo Divino). _pHorizontes. |
|
| 856 | 4 | 0 |
_3Digitalia Hispánica _uhttps://www.digitaliapublishing.com/a/51032/ |
| 910 | _aPremium collection: 2022 | ||
| 942 | _cRAA | ||
| 999 |
_c252194 _d252194 |
||